000 00336nam a2200121Ia 4500
008 240731s9999 xx 000 0 und d
022 _a2165-0020
245 0 _aUrban, Planning and Transport Research : An Open Access Journal
260 _bRoutledge
856 _uhttps://www.tandfonline.com/loi/rupt20
942 _2ddc
942 _cTFEJ
999 _c80232
_d80232
945 _a1
_bMadushi Gamage
_c1
_dMadushi Gamage